[Event "GER-ch U25-B"]
[Site "Willingen"]
[Date "2016.05.20"]
[Round "8"]
[White "Reiser, Silas"]
[Black "Jacoby, Angelina"]
[Result "0-1"]
[WhiteElo "926"]
[BlackElo "1198"]
[PlyCount "42"]
[EventDate "2016.05.15"]
[EventType "swiss"]
[EventRounds "9"]
[EventCountry "GER"]
[SourceTitle "CBM 172 Extra"]
[Source "ChessBase"]
[SourceDate "2016.06.21"]
[SourceVersion "1"]
[SourceVersionDate "2016.06.21"]
[SourceQuality "1"]

1. e4 d5 2. exd5 Qxd5 3. Nc3 Qa5 4. d4 c6 5. Nf3 Nf6 6. Bc4 Bf5 7. 0-0 e6 8. a3 Bd6 9. Bg5 Nbd7 10. Qd2 Qc7 11. h3 h6 12. Be3 g5 13. Bd3 Bxd3 14. Qxd3 g4 15. hxg4 Nxg4 16. Qe4 Ngf6 17. Qh4 0-0-0 18. g3 Rdg8 19. Kh2 Be7 20. Bf4 Qd8 21. Be5 Ng4+ 0-1

[Event "GER-ch U25-B"]
[Site "Willingen"]
[Date "2016.05.19"]
[Round "7"]
[White "Beyer, Lorenz"]
[Black "Reiser, Silas"]
[Result "0-1"]
[WhiteElo "1169"]
[BlackElo "926"]
[PlyCount "64"]
[EventDate "2016.05.15"]
[EventType "swiss"]
[EventRounds "9"]
[EventCountry "GER"]
[SourceTitle "CBM 172 Extra"]
[Source "ChessBase"]
[SourceDate "2016.06.21"]
[SourceVersion "1"]
[SourceVersionDate "2016.06.21"]
[SourceQuality "1"]

1. e4 d5 2. exd5 Qxd5 3. Nc3 Qd8 4. g3 Nf6 5. Bg2 Bf5 6. d3 c6 7. Nge2 e6 8. Bf4 Nbd7 9. Qd2 Be7 10. h3 Qb6 11. b3 0-0 12. 0-0 Nd5 13. Nxd5 cxd5 14. Qe3 Qxe3 15. Bxe3 Rfc8 16. Rfc1 Ba3 17. Rcb1 Rxc2 18. Nd4 Rb2 19. Nb5 Bxd3 20. Nxa3 Bxb1 21. Rxb1 Rxa2 22. Nb5 a6 23. Nc3 Rc2 24. Nd1 Rac8 25. Bf4 e5 26. Ne3 Rc1+ 27. Rxc1 Rxc1+ 28. Kh2 exf4 29. Nxd5 fxg3+ 30. fxg3 Kf8 31. Nf4 Rb1 32. Bxb7 Nc5 0-1

[Event "GER-ch U25-B"]
[Site "Willingen"]
[Date "2016.05.18"]
[Round "6"]
[White "Reiser, Silas"]
[Black "Faerber, Sophie"]
[Result "1-0"]
[WhiteElo "926"]
[BlackElo "860"]
[PlyCount "65"]
[EventDate "2016.05.15"]
[EventType "swiss"]
[EventRounds "9"]
[EventCountry "GER"]
[SourceTitle "CBM 172 Extra"]
[Source "ChessBase"]
[SourceDate "2016.06.21"]
[SourceVersion "1"]
[SourceVersionDate "2016.06.21"]
[SourceQuality "1"]

1. e4 e5 2. Nf3 Nc6 3. Nc3 Nf6 4. d4 Bb4 5. Bg5 Qe7 6. a3 Bxc3+ 7. bxc3 d6 8. Bb5 Bd7 9. 0-0 0-0 10. Bxf6 Qxf6 11. dxe5 Qe6 12. Re1 a6 13. Bxc6 Bxc6 14. Qd4 d5 15. exd5 Bxd5 16. Ng5 Qc6 17. Qd3 g6 18. Qh3 h5 19. Qg3 Qc4 20. f4 Qc5+ 21. Kh1 Rae8 22. f5 Qc4 23. Nh3 Be4 24. fxg6 fxg6 25. Nf4 Kg7 26. Nxh5+ Kh6 27. Nf6 Re6 28. Rxe4 Rfxf6 29. exf6 Qxe4 30. Qh3+ Kg5 31. Qg3+ Kh6 32. Rf1 Qxc2 33. Qh4# 1-0

[Event "GER-ch U25-B"]
[Site "Willingen"]
[Date "2016.05.17"]
[Round "4"]
[White "Reiser, Silas"]
[Black "Ibrahim, Ben"]
[Result "1-0"]
[WhiteElo "926"]
[BlackElo "834"]
[PlyCount "57"]
[EventDate "2016.05.15"]
[EventType "swiss"]
[EventRounds "9"]
[EventCountry "GER"]
[SourceTitle "CBM 172 Extra"]
[Source "ChessBase"]
[SourceDate "2016.06.21"]
[SourceVersion "1"]
[SourceVersionDate "2016.06.21"]
[SourceQuality "1"]

1. e4 e5 2. Nf3 Nc6 3. Nc3 Nf6 4. d4 exd4 5. Nxd4 Qe7 6. Bg5 Qb4 7. Nxc6 dxc6 8. Bd3 Qxb2 9. Bd2 Bb4 10. Rb1 Qa3 11. Rb3 Qa5 12. Qb1 Bc5 13. 0-0 0-0 14. Rd1 b5 15. Nd5 Qa4 16. Nxf6+ gxf6 17. Qb2 Be6 18. Rc3 Bd4 19. Qa3 Bxc3 20. Qxa4 bxa4 21. Bxc3 Bxa2 22. Bxf6 Be6 23. Ra1 Rab8 24. Rxa4 Rb1+ 25. Bf1 a5 26. g3 Re1 27. Kg2 Rb8 28. Rd4 Rbb1 29. Rd8# 1-0